Právny režim Arktídy - s dôrazom na vybrané inštitúty morského práva

Charakteristika právnych režimov štátneho územia Arktídy. Analýza vybraných aspektov právneho režimu poskytovaného Dohovorom o morskom práve v kontexte Arktídy. Právny režim medzinárodných priestorov v Arktíde so zameraním na Oblasť.

Uložené v:
Podrobná bibliografia
Hlavný autor: Harakaľová, Dorota, 1989-
Médium: Kapitola
Jazyk:Slovak
Predmet:
Tagy: Pridať tag
Žiadne tagy, Buďte prvý, kto otaguje tento záznam!

MARC

LEADER 00000naa$a2200000$$$4500
001 0281418
005 20240502074400.0
041 0 |a slo 
044 |a SK 
245 1 0 |a Právny režim Arktídy - s dôrazom na vybrané inštitúty morského práva  |c Dorota Harakaľová 
520 |a Charakteristika právnych režimov štátneho územia Arktídy. Analýza vybraných aspektov právneho režimu poskytovaného Dohovorom o morskom práve v kontexte Arktídy. Právny režim medzinárodných priestorov v Arktíde so zameraním na Oblasť. 
610 2 0 |a právo 
610 2 0 |a zóny 
610 2 0 |a moc štátna 
610 2 0 |a Arktída 
100 1 |a Harakaľová, Dorota, 1989-